000 01003cam a2200217 4500
001 WB3927-09
008 030715n2003 000 0 eng u
035 _a(Sirsi) u123015
245 _aUse of wasted high street space
260 _c2003
490 _aRetail Week
_v 11 July 2003, 21(1)
520 _a"Empty property: unlocking the potential" has been published by the ODPM to re-emphasise the scope and potential to convert surplus property into residential use. It considers the grants and loans available and highlights the progress so far. Stresses that these projects can increase profitability of businesses and bring additional life to urban areas. Copies of the report are available from ODPM Publications Unit t +44 (0)8701 226236 or online at http://www.housing.odpm.gov.uk
590 _aWB
650 _aEMPTY PROPERTIES
650 _aCONVERSIONS
650 _aLIVING OVER THE SHOP
650 _aEMPTY HOMES AGENCY
650 _aTOWN CENTRES
690 _aHOUSING
942 _n0
999 _c73051
_d73051